000 00472nam a2200145Ia 4500
008 100415s9999 xx 000 0 und d
082 _b17798
_a719.36(5475)
100 _aSrivastava Aseem
245 _aManaging Conflicts Options for Gir Protected Areas
260 _aJUNAGADH
_c0
_bGIR WILDLIFE SANCTUARY
365 _b0
630 _aManaging Conflicts Options for Gir Protected Areas
730 _aManaging Conflicts Options for Gir Protected Areas
942 _cBOOK
999 _c600695
_d600692